Journal of psychology and theology : an evangelical forum for the integration of psychology and theology /

محفوظ في:
التفاصيل البيبلوغرافية
مؤلفون آخرون: Hall, Todd W.
التنسيق: كتاب
اللغة:الإنجليزية
منشور في: Carlifonia : Rosemead School of Psychology, 2013.
الموضوعات:
الوسوم: إضافة وسم
لا توجد وسوم, كن أول من يضع وسما على هذه التسجيلة!

MARC

LEADER 00000cam a22000002 4500
001 0000058292
003 Daystar
005 20171002023649.0
008 140819s xx 000 0 eng d
020 |a 00916471 : 
040 |a Daystar  |d EOtanga 
245 1 0 |a Journal of psychology and theology :  |b an evangelical forum for the integration of psychology and theology /  |c edited by Todd W. Hall. 
260 |a Carlifonia :  |b Rosemead School of Psychology,  |c 2013. 
300 |a p. 
440 0 |v Vol. 41/No. 3 Fall 2013, 
504 |a Includes bibliographical references and index. 
650 0 |a Psychology  |v Journal. 
650 0 |a Theology  |v Journal. 
700 1 |a Hall, Todd W. 
908 |a 140819 
942 |c JOU 
952 |0 0  |1 0  |4 0  |7 0  |9 76270  |a DUN  |b DUN  |c AFR  |d 2017-09-28  |l 0  |p JOU000036  |r 2017-09-28 00:00:00  |w 2017-09-28  |x 000036  |y JOU 
989 |a 1481627877 
999 |c 39134  |d 39134